000 00620nam a22002177a 4500
003 UA-OsUOA
001 59573
007 ta
008 20090406b un ||||| |||| 00| 0 ukr d
100 _aНаєнко М.
090 _a82
_bН17
942 _cSA
040 _aUA-OsUOA
_bukr
_cUA-OsUOA
_dUA-OsUOA
245 _a"Він - наш, він не їхій..." РОздуми про Гоголя і літературну сучасність
300 _aС.1
955 _a0
041 _aukr
080 _a82
773 0 _w59571
650 7 _a82 Література. Літературознавство
_2UDC
999 _c345711
_d345711